| 000 | 02286nam a2200289 a 4500 | ||
|---|---|---|---|
| 001 | 000006115 | ||
| 003 | DO-SdBNP | ||
| 005 | 20250613131527.0 | ||
| 008 | 090826s1999 dr abd 001 0 spa d | ||
| 040 |
_aDO-SdBNP _bspa _cBNPHU |
||
| 082 |
_a333.91 _bS471s |
||
| 111 | 1 |
_aSeminario Situación de los Recursos Hídricos en la República Dominicana _cSanto Domingo, República Dominicana _n(1998 diciembre. 3) _917217 |
|
| 245 | 1 | 0 |
_aSituación de los recursos hídricos en la República Dominicana / _ccoordinador Salvador Ramírez Peña ; introducción Euclides Sánchez. |
| 260 |
_aSanto Domingo : _bInstituto Nacional de Recursos Hidráulicos : Departamento de de Planificación de la Corporación de Acueducto y Alcantarillado, _c1999. |
||
| 300 |
_a165 p. : _bil., gráf., maps. |
||
| 505 | 0 |
_aPresentación -- _tIntroducción -- _tPalabras de apertura -- _tOferta y demanda de agua en la ciudad de Santo Domingo / _rIng. Salvador Ramírez Peña -- _tCódigo del agua en la República Dominicana / _rIng. Eliseo González -- _tPrograma para el mejoramiento de la calidad del agua / _rNicomedes Féliz -- _tLa contaminación ambiental y las fuentes de abastecimiento / _rIng. Porfirio A. Ortega -- _tPotencial hidroeléctrico: una alternativa energética para el desarrollo nacional / _rCarlos Michelén -- _tContaminación de los cuerpos de agua / _rIng. Julio Santos-cayado -- _tDisponibilidad de los recursos hídricos superficiales en República Dominicana / _rIng. Marcelo Jorge P. -- _tSituación del agua subterránea en la República Dominicana / _rIng. Rafael Damirón D. -- _tConclusiones y recomendaciones -- _tLista de participantes. |
|
| 590 | _aInventariado, 2018/LP | ||
| 650 | 4 |
_aRecursos hídricos _zRepública Dominicana _xCongresos, conferencias, etc. _917218 |
|
| 650 | 0 |
_aAbastecimiento de agua _zRepública Dominicana _911680 _vCongresos, conferencias, etc. |
|
| 650 | 4 |
_aConservación del agua _zRepública Dominicana _917220 _vCongresos, conferencias, etc. |
|
| 650 | 4 |
_aDesarrollo de recursos hídricos _917221 |
|
| 650 | 4 |
_aContaminación del agua _zRepública Dominicana _917222 _vCongresos, conferencias, etc. |
|
| 700 | 1 | 2 |
_aRamírez Peña, Salvador, _ecoord. _913991 |
| 700 | 1 | 2 |
_aSánchez, Euclides, _917223 |
| 910 | _aValidado. Control de calidad MFF | ||
| 942 |
_2ddc _cLBS1 |
||
| 999 |
_c5911 _d5911 |
||